00588cam a2200181 a 4500020002200000020002500022041000800047082001800055100002200073245004000095260005400135300001700189650004200206856006600248856006800314942000700382999001700389 a1565634969 (pbk.) a9781565634961 (pbk.) aENG00a230.0411bMUR1 aMurphy, Roland E.10aExperiencing our biblical heritage  aPeabody, Mass. :bHendrickson Publishers,cc2001. axv, 185 p. ; aSpiritual Life, Bible Old Testament, 42uhttp://www.loc.gov/catdir/description/hend021/2001024798.html42uhttp://www.loc.gov/catdir/enhancements/fy0706/2001024798-b.html cBK c22473d22473